Statistics for U.S. State Synonyms

Click here to take the quiz!

General Stats

  • This quiz has been taken 70 times
  • The average score is 7 of 16

Answer Stats

HintAnswer% Correct
Rhodos IsleRhode Island
81%
Recent shirtNew Jersey
75%
Maria worldMaryland
63%
Madame slurpieMississippi
54%
Me the toolIdaho
53%
Sick in ohIllinois
49%
Small cokeMinnesota
47%
Cleaning lotWashington
44%
PrimaryMaine
42%
Hue troubleColorado
39%
Rock lostOregon
32%
Join i trimConnecticut
31%
Ground laborFlorida
20%
Acer mindfulDelaware
8%
Wood the placeOklahoma
8%
New audacity energyNebraska
3%

Score Distribution

Percentile by Number Answered

Percent of People with Each Score

Your Score History

You have not taken this quiz